000 00280nam a22001217a 4500
008 171220b xxu||||| |||| 00| 0 eng d
041 _aeng
080 _a658
100 _a54
101 _aMEN
245 _aHOME MANAGEMENT I THEORY AND PRACTICE
_cGROSS.I.H
942 _2udc
_cBK
999 _c39233
_d39233